Marketing channels / (Record no. 26071)
[ view plain ]
| 000 -LEADER | |
|---|---|
| fixed length control field | 00731cam a22002295a 4500 |
| 001 - CONTROL NUMBER | |
| control field | 780642 |
| 005 - DATE AND TIME OF LATEST TRANSACTION | |
| control field | 20180204113936.0 |
| 008 - FIXED-LENGTH DATA ELEMENTS--GENERAL INFORMATION | |
| fixed length control field | 730813s1973 nju frb 000 0 eng d |
| 040 ## - CATALOGING SOURCE | |
| Original cataloging agency | DLC |
| Transcribing agency | DLC |
| Modifying agency | DLC |
| -- | EG-ScBUE |
| Language of cataloging | eng |
| 082 04 - DEWEY DECIMAL CLASSIFICATION NUMBER | |
| Classification number | 658.8 |
| Edition number | 22 |
| Item number | BOO |
| 100 1# - MAIN ENTRY--PERSONAL NAME | |
| Personal name | Boone, Louis E., |
| Relator term | comp. |
| 245 10 - TITLE STATEMENT | |
| Title | Marketing channels / |
| Statement of responsibility, etc | Louis E. Boone, James C. Johnson. |
| 260 ## - PUBLICATION, DISTRIBUTION, ETC. (IMPRINT) | |
| Place of publication, distribution, etc | Morristown : |
| Name of publisher, distributor, etc | General Learning Press, |
| Date of publication, distribution, etc | 1973. |
| 300 ## - PHYSICAL DESCRIPTION | |
| Extent | xiii, 517 p. |
| Dimensions | 23 cm. |
| 490 0# - Series Statement | |
| Series statement | General Learning Press marketing series |
| 504 ## - BIBLIOGRAPHY, ETC. NOTE | |
| Bibliography, etc | Bibliography : p. 501-515. |
| 541 ## - IMMEDIATE SOURCE OF ACQUISITION NOTE | |
| Source of acquisition | Donation from David Kirby. |
| 650 #7 - SUBJECT ADDED ENTRY--TOPICAL TERM | |
| Topical term or geographic name as entry element | Marketing channels. |
| Source of heading or term | BUEsh |
| 653 ## - INDEX TERM--UNCONTROLLED | |
| Resource For college | BAEPS, Business Administration |
| -- | Generalities |
| Arrived date list | January2018 |
| 700 1# - ADDED ENTRY--PERSONAL NAME | |
| Personal name | Johnson, James C., |
| Dates associated with a name | 1944- |
| 942 ## - ADDED ENTRY ELEMENTS (KOHA) | |
| Source of classification or shelving scheme | Dewey Decimal Classification |
| Withdrawn status | Item status | Source of classification or shelving scheme | Damaged status | Not for loan | Home library | Current library | Shelving location | Date acquired | Source of acquisition | Total Checkouts | Full call number | Barcode | Date last seen | Koha item type |
|---|---|---|---|---|---|---|---|---|---|---|---|---|---|---|
| Dewey Decimal Classification | Central Library | Central Library | First floor | 04/02/2018 | Donation | 658.8 BOO | 000047217 | 15/07/2025 | Book - Borrowing |